000
00344 a2200157 4500
001
164492
020
_a
040
_c
Magnum
100
_a
Tucci, Willian
240
1
0
_a
Aventura numa chuva de verao
_l
por
245
1
0
_a
Aventura numa chuva de verao
362
0
_a
1899
440
1
_a
Ática
697
_a
IJ/AVENTURA, CRIANCAS
942
_c
BK
999
_c
164492
_d
164492